Bhagat Singh / (Record no. 41152)

MARC details
000 -LEADER
fixed length control field 00679nam a22002057a 4500
005 - DATE AND TIME OF LATEST TRANSACTION
control field 20100811155024.0
010 ## - LCCN (DPL NO)
LC control number ENG-99555
020 ## - INTERNATIONAL STANDARD BOOK NUMBER
International Standard Book Number 978818941254X
Terms of availability 400.00
035 ## - SYSTEM CONTROL NUMBER
System control number EN-83087
037 ## - SOURCE OF ACQUISITION
Source of stock number/acquisition DBAD/PUB
082 ## - DEWEY DECIMAL CLASSIFICATION NUMBER
Classification number 921
100 ## - MAIN ENTRY--PERSONAL NAME
Personal name C. P. Sharma
245 ## - TITLE STATEMENT
Title Bhagat Singh /
Statement of responsibility, etc by C. P. Sharma
260 ## - PUBLICATION, DISTRIBUTION, ETC. (IMPRINT)
Place of publication, distribution, etc Delhi
Name of publisher, distributor, etc Avishkar Prakashan
Date of publication, distribution, etc 2010
270 ## - ADDRESS
Address L-20/13, street No.5, Shivaji Marg, Kartar Nagar
City Delhi
Postal code 110053
300 ## - PHYSICAL DESCRIPTION
Extent 208p.
Dimensions 22cm (Hb)
490 ## - SERIES STATEMENT
Series statement The Builder of Modern India
-- 11304
942 ## - ADDED ENTRY ELEMENTS (KOHA)
Source of classification or shelving scheme Dewey Decimal Classification
Item type English Books
Classification part 921
Call number suffix SHA
Holdings
Withdrawn status Lost status Not for loan Collection code Home library Current library Date acquired Source of acquisition Cost, normal purchase price Full call number Barcode Copy number Cost, replacement price Koha item type
    Not For Loan Non-fiction D.B.Act.Division D.B.Act.Division 11/08/2010 DBAD/PUB 400.00 921 SHA EN-83087 1 400.00 English Books

© Delhi Public Library
Hit Counter
free hit counter